Triumph of Togetherness/ (Record no. 78798)

MARC details
000 -LEADER
fixed length control field 00689nam a22002057a 4500
005 - DATE AND TIME OF LATEST TRANSACTION
control field 20140219124338.0
010 ## - LCCN (DPL NO)
LC control number B-495440
020 ## - INTERNATIONAL STANDARD BOOK NUMBER
International Standard Book Number 9788183282567
Terms of availability 295.00
035 ## - SYSTEM CONTROL NUMBER
System control number B-495440
037 ## - SOURCE OF ACQUISITION
Stock number dpl
Source of stock number/acquisition BBB/Ven
082 ## - DEWEY DECIMAL CLASSIFICATION NUMBER
Classification number 658.04
100 ## - MAIN ENTRY--PERSONAL NAME
Personal name Sainani, Anil
245 ## - TITLE STATEMENT
Title Triumph of Togetherness/
Statement of responsibility, etc by Anil Sainaniwith Rahul Pande
260 ## - PUBLICATION, DISTRIBUTION, ETC. (IMPRINT)
Place of publication, distribution, etc Delhi
Name of publisher, distributor, etc Wisdom Tree
Date of publication, distribution, etc 2012
270 ## - ADDRESS
Address 4779/23, Ansari road Darya ganj
City Delhi
Postal code 110002
Telephone number wisdomtreebooks@gmail.com
300 ## - PHYSICAL DESCRIPTION
Extent 83p.:
Other physical details ill.
Dimensions 20cm( Pbk)
700 ## - ADDED ENTRY--PERSONAL NAME
Personal name Pande, Rahul
942 ## - ADDED ENTRY ELEMENTS (KOHA)
Source of classification or shelving scheme Dewey Decimal Classification
Item type English Books
Call number suffix SAI
Classification part 658.04
Holdings
Withdrawn status Lost status Not for loan Collection code Home library Current library Date acquired Source of acquisition Cost, normal purchase price Full call number Barcode Copy number Cost, replacement price Koha item type
      Non-fiction Sarojini Nagar Sarojini Nagar 19/02/2014 BBB/IN10348/12.03.2013/168/08.03.2013/15.03.2013 295.00 658.04 SAI B-495440 1 295.00 English Books

© Delhi Public Library
Hit Counter
free hit counter